000 00465cam a2200193 4500
001 D12063
008 090401t1887 xxu||||| |||| 00| 0 eng d
035 _a(Sirsi) u1023
041 _aeng
100 _aBaker, T.
245 2 _aA rudimentary treatise on land and engineering surveying
250 _a14th
260 _aLondon
_bCrosby Lockwood & Co
_c1887
350 _a0
520 _aShelf 113
700 _aYoung, J.R.
942 _n0
948 _c04/03/1997
999 _c85614
_d85614